| 000 | 00406nam a2200181Ia 4500 | ||
|---|---|---|---|
| 008 | 210210b1949 xxu||||| |||| 00| 0 eng d | ||
| 041 | _aeng | ||
| 082 | _a828/544 | ||
| 100 | _aROY (K) Ed | ||
| 245 | _aGandhi memorial peace number | ||
| 260 |
_aShantiniketan _b- _c1949 |
||
| 650 | _apeace | ||
| 650 | _anumber | ||
| 650 | _amemorial | ||
| 650 | _aGandhi | ||
| 690 | _aBiography | ||
| 906 | _a016388 | ||
| 999 |
_c135913 _d135913 |
||